[Event "Sao Paulo op-B U2050 8th"]
[Site "Sao Paulo"]
[Date "2019.10.17"]
[Round "1"]
[White "Deus Filho, Joaquim"]
[Black "Dos Santos Junior, Gabriel Ribeiro"]
[Result "1-0"]
[WhiteElo "1857"]
[BlackElo "1657"]
[PlyCount "67"]
[EventDate "2019.10.17"]
[EventType "swiss"]
[EventRounds "6"]
[EventCountry "BRA"]
[SourceTitle "CBM 192 Extra"]
[Source "Chessbase"]
[SourceDate "2019.11.06"]
[SourceVersion "1"]
[SourceVersionDate "2019.11.06"]
[SourceQuality "1"]

1. f4 d5 2. e3 Nf6 3. b3 g6 4. Bb2 Bg7 5. Nf3 0-0 6. Be2 c5 7. 0-0 Nc6 8. Ne5 Qc7 9. Nxc6 Qxc6 10. a4 a6 11. a5 Bd7 12. d3 Rad8 13. Nd2 Qc8 14. Rf3 Bg4 15. Rf1 Bf5 16. h3 h5 17. Nf3 Bxh3 18. gxh3 Qxh3 19. Qe1 Ng4 20. Bxg7 Nxe3 21. Qf2 Kxg7 22. Ng5 Qf5 23. Qxe3 Kh6 24. Qh3 Qf6 25. Rae1 e5 26. Bxh5 gxh5 27. Rxe5 Qg6 28. Kh1 Rg8 29. Rg1 f6 30. Re7 Rg7 31. Rxg7 Qxg7 32. Ne6 Qe7 33. Nxd8 d4 34. Qg2 1-0

[Event "Sao Paulo Schutt Cup"]
[Site "Sao Paulo"]
[Date "2019.09.14"]
[Round "4"]
[White "De Souza, Eliana Aparecida"]
[Black "Dos Santos Junior, Gabriel Ribeiro"]
[Result "1-0"]
[WhiteElo "1906"]
[BlackElo "1664"]
[PlyCount "115"]
[EventDate "2019.09.13"]
[EventType "swiss"]
[EventRounds "6"]
[EventCountry "BRA"]
[SourceTitle "EXT 2020"]
[Source "ChessBase"]
[SourceDate "2019.10.17"]
[SourceVersion "1"]
[SourceVersionDate "2019.10.17"]
[SourceQuality "1"]

1. e4 e5 2. Nf3 Nc6 3. Bb5 a6 4. Ba4 Nf6 5. 0-0 Be7 6. Re1 b5 7. Bb3 d6 8. c3 0-0 9. h3 Nb8 10. d4 Nbd7 11. Nbd2 Bb7 12. a4 c5 13. Bc2 Re8 14. Nf1 Bf8 15. Ng3 g6 16. b4 cxb4 17. cxb4 Qc7 18. a5 Rac8 19. Ra2 Qc4 20. Bb3 Qc7 21. Ng5 d5 22. Rc2 Qd6 23. dxe5 Nxe5 24. Rxc8 Bxc8 25. Bf4 Qxb4 26. Bxe5 Rxe5 27. Nf3 Re8 28. e5 Ne4 29. Nxe4 dxe4 30. Ng5 Be6 31. Bxe6 fxe6 32. Rxe4 Qe7 33. Qg4 Bh6 34. Nf3 Qf7 35. Nd4 Bd2 36. Nb3 Bc3 37. Re3 b4 38. Qe4 Qd7 39. Rd3 Qa4 40. Qc4 Bxe5 41. Re3 Bc3 42. Rxc3 Qa3 43. Re3 Qb2 44. Qxa6 Qb1+ 45. Kh2 Qf5 46. Qc6 Re7 47. Qc5 Qf4+ 48. Rg3 Rc7 49. Qb6 Rc3 50. Qxe6+ Kg7 51. a6 Qxf2 52. Qe5+ Kh6 53. Rxc3 bxc3 54. Qxc3 Qf4+ 55. Qg3 Qa4 56. Nc5 Qa5 57. Qf4+ g5 58. Qf6+ 1-0

[Event "Sao Paulo STD Gansl op"]
[Site "Sao Paulo"]
[Date "2019.05.24"]
[Round "2"]
[White "Dos Santos Junior, Gabriel Ribeiro"]
[Black "Narimatsu, Fabio Carramao"]
[Result "1-0"]
[WhiteElo "1709"]
[BlackElo "1404"]
[PlyCount "41"]
[EventDate "2019.05.24"]
[EventType "swiss"]
[EventRounds "6"]
[EventCountry "BRA"]
[SourceTitle "CBM 190 Extra"]
[Source "ChessBase"]
[SourceDate "2019.07.15"]
[SourceVersion "1"]
[SourceVersionDate "2019.07.15"]
[SourceQuality "1"]

1. d4 Nf6 2. c4 g6 3. Nc3 d5 4. cxd5 Nxd5 5. e4 Nxc3 6. bxc3 Bg7 7. Nf3 c5 8. Rb1 Nc6 9. Bb5 Qc7 10. 0-0 0-0 11. Be3 Rd8 12. Qc2 cxd4 13. cxd4 a6 14. Ba4 b5 15. Bb3 Qd7 16. Ng5 e6 17. d5 Nb4 18. dxe6 Nxc2 19. exd7 Nxe3 20. dxc8Q Raxc8 21. fxe3 1-0

[Event "Sao Paulo Haroldo Salles op"]
[Site "Sao Paulo"]
[Date "2019.05.11"]
[Round "6.12"]
[White "Dos Santos Junior, Gabriel Ribeiro"]
[Black "Madaloso, Breno Affonso1111"]
[Result "1-0"]
[WhiteElo "1709"]
[BlackElo "1423"]
[PlyCount "49"]
[EventDate "2019.05.09"]
[EventType "swiss"]
[EventRounds "6"]
[EventCountry "BRA"]
[SourceTitle "EXT 2022"]
[Source "ChessBase"]
[SourceDate "2021.10.06"]
[SourceVersion "1"]
[SourceVersionDate "2021.10.06"]
[SourceQuality "1"]

1. e4 c5 2. Nf3 e6 3. c3 Nf6 4. d3 Be7 5. Be2 0-0 6. 0-0 Nc6 7. h3 e5 8. Be3 d5 9. exd5 Nxd5 10. Bd2 Be6 11. Re1 Qd7 12. Bf1 Nf4 13. Nxe5 Nxe5 14. Bxf4 Ng6 15. Bh2 Rad8 16. Nd2 Bg5 17. Ne4 Qe7 18. Nxg5 Qxg5 19. Re3 c4 20. d4 Nf4 21. Bxf4 Qxf4 22. Qa4 a6 23. Rae1 Rfe8 24. Qa5 Rd5 25. Qxd5 1-0